Oxford mathemtics for Queensland : Year 9
This book is the second in a series of three textbooks written by experienced Queensland teachers for Queensland students year 8.9 and 10. This textbook series provides comprehensive coverage of the 1-10 Mathematics Syllabus.
Đã lưu trong:
| Tác giả chính: | |
|---|---|
| Định dạng: | Sách |
| Ngôn ngữ: | Undetermined |
| Được phát hành: |
Melbourne
Oxford University Press
1996
|
| Những chủ đề: | |
| Các nhãn: |
Thêm thẻ
Không có thẻ, Là người đầu tiên thẻ bản ghi này!
|
| Thư viện lưu trữ: | Trung tâm Học liệu Trường Đại học Cần Thơ |
|---|
| LEADER | 00854nam a2200217Ia 4500 | ||
|---|---|---|---|
| 001 | CTU_141029 | ||
| 008 | 210402s9999 xx 000 0 und d | ||
| 082 | |a 510.076 | ||
| 082 | |b W314 | ||
| 100 | |a Wasley, Barbara | ||
| 245 | 0 | |a Oxford mathemtics for Queensland : | |
| 245 | 0 | |b Year 9 | |
| 245 | 0 | |c Barbara Wasley, Debra Manché, Robyn Winter | |
| 260 | |a Melbourne | ||
| 260 | |b Oxford University Press | ||
| 260 | |c 1996 | ||
| 520 | |a This book is the second in a series of three textbooks written by experienced Queensland teachers for Queensland students year 8.9 and 10. This textbook series provides comprehensive coverage of the 1-10 Mathematics Syllabus. | ||
| 650 | |a Mathematics,Toán học | ||
| 650 | |x Vấn đề, bài tập, v.v.. | ||
| 904 | |i Trọng Hiếu | ||
| 980 | |a Trung tâm Học liệu Trường Đại học Cần Thơ | ||